000 00257nam a22001217a 4500
003 SGT
082 _a823.92
_bKNE
100 _aKNEALE NIGEL
245 _aSELECTED GHOST STORIES
260 _aDELHI
_bLEXICON PUB
_c2012
300 _a607
942 _2ddc
_cBK
999 _c34066
_d34066